Environmental Studies (Record no. 154079)

MARC details
000 -LEADER
fixed length control field 00535nam a22001817a 4500
003 - CONTROL NUMBER IDENTIFIER
control field dpl
005 - DATE AND TIME OF LATEST TRANSACTION
control field 20180716111058.0
008 - FIXED-LENGTH DATA ELEMENTS--GENERAL INFORMATION
fixed length control field 180716b xxu||||| |||| 00| 0 eng d
020 ## - INTERNATIONAL STANDARD BOOK NUMBER
International Standard Book Number 8174464409
Terms of availability 100.00
035 ## - SYSTEM CONTROL NUMBER
System control number B-167255
040 ## - CATALOGING SOURCE
Original cataloging agency DPL
Language of cataloging ENGLISH
Transcribing agency 0
082 ## - DEWEY DECIMAL CLASSIFICATION NUMBER
Classification number 372.357
100 ## - MAIN ENTRY--PERSONAL NAME
Personal name Uberoi,N.K.
245 ## - TITLE STATEMENT
Title Environmental Studies
Statement of responsibility, etc by N.K.Uberoi
260 ## - PUBLICATION, DISTRIBUTION, ETC. (IMPRINT)
Place of publication, distribution, etc New Delhi
Name of publisher, distributor, etc Excel Books
Date of publication, distribution, etc 2005
300 ## - PHYSICAL DESCRIPTION
Extent xiii, 206p;
Other physical details includes Acronyms and Explanations of Terms
Dimensions 23cm
942 ## - ADDED ENTRY ELEMENTS (KOHA)
Source of classification or shelving scheme Dewey Decimal Classification
Koha item type English Books
Classification part 372.357
Call number suffix UBE
Holdings
Withdrawn status Lost status Source of classification or shelving scheme Damaged status Not for loan Collection code Home library Current library Date acquired Source of acquisition Cost, normal purchase price Total Checkouts Total Renewals Full call number Barcode Date last seen Date checked out Cost, replacement price Price effective from Koha item type Public note
    Dewey Decimal Classification     Non-fiction Patel Nagar Patel Nagar 16/07/2018 BPPD/PUB 100.00 5 4 372.357 UBE B-167255 26/06/2019 31/05/2019 100.00 16/07/2018 English Books  
    Dewey Decimal Classification     Non-fiction Sarojini Nagar Sarojini Nagar 15/10/2018     1   372.357 UBE B-167256 28/11/2019 21/11/2019   15/10/2018 English Books Withdrawn List Prepared List No.5/24

© Delhi Public Library
Hit Counter
free hit counter